Địa lí các tỉnh và thành phố Việt Nam P.1 Các tỉnh và Thành phố đồng bằng sông Hồng
vv
Đã lưu trong:
| Tác giả chính: | |
|---|---|
| Định dạng: | Sách |
| Năm xuất bản: |
H.
Giáo dục
2003
|
| Phiên bản: | Tái bản lần 3 |
| Chủ đề: | |
| Tags: |
Thêm thẻ
Không có thẻ, Hãy là người đầu tiên gắn thẻ bản ghi này!
|
| LEADER | 01507nam a2200229 4500 | ||
|---|---|---|---|
| 082 | |a 915.973 |b Đ301l | ||
| 100 | |a Lê Thông | ||
| 245 | |a Địa lí các tỉnh và thành phố Việt Nam |c Lê Thông chủ biên, Nguyễn Văn Phú, Nguyễn Minh Tuệ |n P.1 |p Các tỉnh và Thành phố đồng bằng sông Hồng | ||
| 250 | |a Tái bản lần 3 | ||
| 260 | |a H. |b Giáo dục |c 2003 | ||
| 300 | |a 307tr. |c 21cm | ||
| 520 | |a vv | ||
| 653 | |a Địa lí | ||
| 653 | |a Đồng bằng sông Hồng | ||
| 653 | |a Việt Nam | ||
| 942 | |2 ddc |c STK0 | ||
| 999 | |c 1386 |d 1386 | ||
| 952 | |0 0 |1 0 |2 ddc |4 0 |6 915_973000000000000_Đ301L |7 1 |8 900 |9 25235 |a qbu |b qbu |c D5 |d 2014-12-08 |g 19000 |o 915.973 Đ301l |p 4511.C1 |r 0000-00-00 |w 2014-12-08 |y STK0 |0 0 |6 915_973000000000000_Đ301L | ||
| 952 | |0 0 |1 0 |2 ddc |4 0 |6 915_973000000000000_Đ301L |7 0 |8 900 |9 25236 |a qbu |b qbu |c D5 |d 2014-12-08 |g 19000 |o 915.973 Đ301l |p 4511.C2 |r 0000-00-00 |w 2014-12-08 |y STK0 |0 0 |6 915_973000000000000_Đ301L | ||
| 952 | |0 0 |1 0 |2 ddc |4 0 |6 915_973000000000000_Đ301L |7 0 |8 900 |9 25237 |a qbu |b qbu |c D5 |d 2014-12-08 |g 19000 |o 915.973 Đ301l |p 4511.C3 |r 0000-00-00 |w 2014-12-08 |y STK0 |0 0 |6 915_973000000000000_Đ301L | ||
| 952 | |0 0 |1 0 |2 ddc |4 0 |6 915_973000000000000_Đ301L |7 0 |8 900 |9 25238 |a qbu |b qbu |c D5 |d 2014-12-08 |g 19000 |o 915.973 Đ301l |p 4511.C4 |r 0000-00-00 |w 2014-12-08 |y STK0 |0 0 |6 915_973000000000000_Đ301L | ||
| 952 | |0 0 |1 0 |2 ddc |4 0 |6 915_973000000000000_Đ301L |7 0 |8 900 |9 25239 |a qbu |b qbu |c D5 |d 2014-12-08 |g 19000 |o 915.973 Đ301l |p 4511.C5 |r 0000-00-00 |w 2014-12-08 |y STK0 |0 0 |6 915_973000000000000_Đ301L | ||